000 00760nam a2200217 i 4500
001 70958
003 ES-MaACL
005 20240229062722.0
007 t|
008 040804s1908 sp ||||1| spa d
080 _a94(460.226 T.)"18"
080 _a94(460)"1808/14"
100 1 _aGascón y Guimbao, Domingo.
_955865
245 1 3 _aLa provincia de Teruel en la Guerra de la Independencia /
_cobra póstuma de Domingo Gascón y Guimbao.
260 _aMadrid :
_b[s.n.,
_c1908] (
_fImp. Suc. de M. Minuesa de los Ríos)
300 _aXXVIII, 488 p. :
_bil. ;
_c25 cm.
651 4 _aTeruel (Provincia)-
_xHistoria.
_9191773
651 4 _aEspaña-
_xHistoria-
_y1808-1814, Guerra de la Independencia
_98244
852 _aES-MaACL
_jC-1517
999 _c70958
_d70958